MARC details
| 000 -LEADER |
| campo de control de longitud fija |
03321nkc a22003737a 4500 |
| 001 - NÚMERO DE CONTROL |
| campo de control |
85817 |
| 005 - FECHA Y HORA DE LA ÚLTIMA TRANSACCIÓN |
| campo de control |
20260429094822.0 |
| 007 - CAMPO FIJO DE DESCRIPCIÓN FÍSICA--INFORMACIÓN GENERAL |
| campo de control de longitud fija |
kh boc |
| 008 - DATOS DE LONGITUD FIJA--INFORMACIÓN GENERAL |
| campo de control de longitud fija |
260420s1901 sp ||||| |||| |0| i|spa d |
| 040 ## - FUENTE DE CATALOGACIÓN |
| Centro catalogador/agencia de origen |
M-RABA |
| Lengua de catalogación |
spa |
| Centro/agencia transcriptor |
M-RABA |
| 245 01 - MENCIÓN DEL TÍTULO |
| Título |
[Aranjuez |
| Resto del título |
: vistas de fuentes y jardines] |
| Medio |
[Material gráfico] |
| 260 ## - PUBLICACIÓN, DISTRIBUCIÓN, ETC. |
| Fecha de publicación, distribución, etc. |
1901 |
| 300 ## - DESCRIPCIÓN FÍSICA |
| Extensión |
6 fotografías |
| Otras características físicas |
: aristotipo |
| Dimensiones |
; imagen 10,5 x 8,5 cm |
| -- |
; soporte secundario 19 x 16 cm |
| 500 00 - NOTA GENERAL |
| Nota general |
Conjunto de 6 fotografías que muestran diferentes fuentes en jardines de Aranjuez. |
| 500 00 - NOTA GENERAL |
| Nota general |
Nota manuscrita al verso en el soporte secundario que indica la ubicación y fecha:<br/>Fot-670; "Aranjuez. Fuente de la Espina. Jardín de la Isla. 23 junio 1901" -- Fot-671: "Aranjuez. Fuente en el Jardín de la Isla. 23 junio 1901" -- Fot-672: "Aranjuez. Jardín del Príncipe. Plaza de Pamplona. 23 junio 1901" -- Fot-673: "Fuente de Narcisa. Aranjuez. Jardín del Príncipe. 23 junio 1901" -- Fot-674: "Aranjuez. Fuente del Parterre del Palacio. 23 junio 1901" -- Fot-675: "Aranjuez. Casa del Labrador. 23 junio 1901". |
| 610 27 - PUNTO DE ACCESO ADICIONAL DE MATERIA--NOMBRE DE ENTIDAD CORPORATIVA |
| Nombre de entidad corporativa o nombre de jurisdicción como elemento de entrada |
Palacio Real de Aranjuez |
| Fuente del encabezamiento o término |
embne |
| 9 (RLIN) |
34389 |
| 610 27 - PUNTO DE ACCESO ADICIONAL DE MATERIA--NOMBRE DE ENTIDAD CORPORATIVA |
| Nombre de entidad corporativa o nombre de jurisdicción como elemento de entrada |
Real Casa del Labrador ( |
| Sede del congreso/Lugar de la reunión |
Aranjuez, España) |
| 9 (RLIN) |
41413 |
| 651 #7 - PUNTO DE ACCESO ADICIONAL DE MATERIA--NOMBRE GEOGRÁFICO |
| Nombre geográfico |
Aranjuez (Madrid, España) |
| 9 (RLIN) |
24407 |
| 655 #0 - TERMINO DE INDIZACIÓN--GENERO/FORMA |
| Datos o término principal de género/forma |
Fotografías de monumentos |
| 9 (RLIN) |
111580 |
| 852 ## - LOCALIZACIÓN |
| Número de control de estantería |
Fot-670; Fot-671; Fot-672; Fot-673; Fot-674; Fot-675 |
| 856 ## - LOCALIZACIÓN Y ACCESO ELECTRÓNICOS |
| Identificador Uniforme de Recurso |
<a href="https://archivoybiblioteca.realacademiabellasartessanfernando.com/cgi-bin/koha/opac-retrieve-file.pl?id=bb61544035286267a215a7b847c3b5a7">https://archivoybiblioteca.realacademiabellasartessanfernando.com/cgi-bin/koha/opac-retrieve-file.pl?id=bb61544035286267a215a7b847c3b5a7</a> |
| Texto de enlace |
Fot-670r |
| 856 ## - LOCALIZACIÓN Y ACCESO ELECTRÓNICOS |
| Identificador Uniforme de Recurso |
<a href="https://archivoybiblioteca.realacademiabellasartessanfernando.com/cgi-bin/koha/opac-retrieve-file.pl?id=4588f0c02cdf46a5c067caaa7a3063d1">https://archivoybiblioteca.realacademiabellasartessanfernando.com/cgi-bin/koha/opac-retrieve-file.pl?id=4588f0c02cdf46a5c067caaa7a3063d1</a> |
| Texto de enlace |
Fot-670v |
| 856 ## - LOCALIZACIÓN Y ACCESO ELECTRÓNICOS |
| Identificador Uniforme de Recurso |
<a href="https://archivoybiblioteca.realacademiabellasartessanfernando.com/cgi-bin/koha/opac-retrieve-file.pl?id=72800f64497b514b3fa23c4c3dbc5458">https://archivoybiblioteca.realacademiabellasartessanfernando.com/cgi-bin/koha/opac-retrieve-file.pl?id=72800f64497b514b3fa23c4c3dbc5458</a> |
| Texto de enlace |
Fot-671r |
| 856 ## - LOCALIZACIÓN Y ACCESO ELECTRÓNICOS |
| Identificador Uniforme de Recurso |
<a href="https://archivoybiblioteca.realacademiabellasartessanfernando.com/cgi-bin/koha/opac-retrieve-file.pl?id=732aea5358501b804f11c12d7979cc13">https://archivoybiblioteca.realacademiabellasartessanfernando.com/cgi-bin/koha/opac-retrieve-file.pl?id=732aea5358501b804f11c12d7979cc13</a> |
| Texto de enlace |
Fot-671v |
| 856 ## - LOCALIZACIÓN Y ACCESO ELECTRÓNICOS |
| Identificador Uniforme de Recurso |
<a href="https://archivoybiblioteca.realacademiabellasartessanfernando.com/cgi-bin/koha/opac-retrieve-file.pl?id=03ec51fbf20b97ec5bca90b0cd533e90">https://archivoybiblioteca.realacademiabellasartessanfernando.com/cgi-bin/koha/opac-retrieve-file.pl?id=03ec51fbf20b97ec5bca90b0cd533e90</a> |
| 856 ## - LOCALIZACIÓN Y ACCESO ELECTRÓNICOS |
| Identificador Uniforme de Recurso |
<a href="https://archivoybiblioteca.realacademiabellasartessanfernando.com/cgi-bin/koha/opac-retrieve-file.pl?id=6164dd2b08bdfe1d5f3ca66559697f8d">https://archivoybiblioteca.realacademiabellasartessanfernando.com/cgi-bin/koha/opac-retrieve-file.pl?id=6164dd2b08bdfe1d5f3ca66559697f8d</a> |
| Texto de enlace |
Fot-672v |
| 856 ## - LOCALIZACIÓN Y ACCESO ELECTRÓNICOS |
| Identificador Uniforme de Recurso |
<a href="https://archivoybiblioteca.realacademiabellasartessanfernando.com/cgi-bin/koha/opac-retrieve-file.pl?id=d11620b11c30d968b8140af37aa9d1a0">https://archivoybiblioteca.realacademiabellasartessanfernando.com/cgi-bin/koha/opac-retrieve-file.pl?id=d11620b11c30d968b8140af37aa9d1a0</a> |
| Texto de enlace |
Fot-673r |
| 856 ## - LOCALIZACIÓN Y ACCESO ELECTRÓNICOS |
| Identificador Uniforme de Recurso |
<a href="https://archivoybiblioteca.realacademiabellasartessanfernando.com/cgi-bin/koha/opac-retrieve-file.pl?id=68c5a4461eb8526f97a48f5a9a5c5caa">https://archivoybiblioteca.realacademiabellasartessanfernando.com/cgi-bin/koha/opac-retrieve-file.pl?id=68c5a4461eb8526f97a48f5a9a5c5caa</a> |
| Texto de enlace |
Fot-673v |
| 856 ## - LOCALIZACIÓN Y ACCESO ELECTRÓNICOS |
| Identificador Uniforme de Recurso |
<a href="https://archivoybiblioteca.realacademiabellasartessanfernando.com/cgi-bin/koha/opac-retrieve-file.pl?id=34246149bc6501b4b637e10108ed51b1">https://archivoybiblioteca.realacademiabellasartessanfernando.com/cgi-bin/koha/opac-retrieve-file.pl?id=34246149bc6501b4b637e10108ed51b1</a> |
| Texto de enlace |
Fot-674r |
| 856 ## - LOCALIZACIÓN Y ACCESO ELECTRÓNICOS |
| Identificador Uniforme de Recurso |
<a href="https://archivoybiblioteca.realacademiabellasartessanfernando.com/cgi-bin/koha/opac-retrieve-file.pl?id=42a395727c05e697d8e6ac53a3dc1884">https://archivoybiblioteca.realacademiabellasartessanfernando.com/cgi-bin/koha/opac-retrieve-file.pl?id=42a395727c05e697d8e6ac53a3dc1884</a> |
| Texto de enlace |
Fot-674v |
| 856 ## - LOCALIZACIÓN Y ACCESO ELECTRÓNICOS |
| Identificador Uniforme de Recurso |
<a href="https://archivoybiblioteca.realacademiabellasartessanfernando.com/cgi-bin/koha/opac-retrieve-file.pl?id=72ba948f57c4111ef8169e719e3d15f2">https://archivoybiblioteca.realacademiabellasartessanfernando.com/cgi-bin/koha/opac-retrieve-file.pl?id=72ba948f57c4111ef8169e719e3d15f2</a> |
| Texto de enlace |
Fot-675r |
| 856 ## - LOCALIZACIÓN Y ACCESO ELECTRÓNICOS |
| Identificador Uniforme de Recurso |
<a href="https://archivoybiblioteca.realacademiabellasartessanfernando.com/cgi-bin/koha/opac-retrieve-file.pl?id=6d3e84f1fc4a5b8fd704c0a7ccb9d12e">https://archivoybiblioteca.realacademiabellasartessanfernando.com/cgi-bin/koha/opac-retrieve-file.pl?id=6d3e84f1fc4a5b8fd704c0a7ccb9d12e</a> |
| Texto de enlace |
Fot-675v |
| 942 ## - ELEMENTOS DE ENTRADA SECUNDARIOS (KOHA) |
| Tipo de ítem Koha |
Fotografías |
| Suprimir en OPAC |
No |